[Event "Girona Gerunda op1st"]
[Site "Girona"]
[Date "2017.12.12"]
[Round "9"]
[White "Codina Broto, Sergi"]
[Black "Diaz Comas, Jordi"]
[Result "0-1"]
[WhiteElo "1984"]
[BlackElo "2067"]
[PlyCount "78"]
[EventDate "2017.09.26"]
[EventType "swiss"]
[EventRounds "9"]
[EventCountry "ESP"]
[SourceTitle "EXT 2019"]
[Source "ChessBase"]
[SourceDate "2018.10.10"]
[SourceVersion "1"]
[SourceVersionDate "2018.10.10"]
[SourceQuality "1"]

1. e4 Nc6 2. d4 e5 3. Nf3 exd4 4. Nxd4 Bc5 5. Be3 Nxd4 6. Bxd4 Bxd4 7. Qxd4 Qf6 8. e5 Qg6 9. Qc3 Qe4+ 10. Be2 Qxg2 11. Bf3 Qh3 12. Rg1 Ne7 13. Nd2 0-0 14. 0-0-0 Ng6 15. Rg3 Qe6 16. Re1 d6 17. Nc4 dxe5 18. Nxe5 Qxa2 19. Nxg6 hxg6 20. Qxc7 Qa1+ 21. Kd2 Qxb2 22. Bd5 Bf5 23. Bxb7 Rad8+ 24. Ke2 Bxc2 25. Kf1 Rd1 26. Rxd1 Bxd1 27. Ba6 Qb6 28. Qc4 Rd8 29. f3 Bb3 30. Qe2 Rd1+ 31. Kg2 Rg1+ 32. Kh3 Be6+ 33. Kh4 Qd4+ 34. Rg4 Bxg4 35. fxg4 Ra1 36. h3 Qf6+ 37. Kg3 Rxa6 38. Qe8+ Kh7 39. Qe4 Ra3+ 0-1

[Event "Llinars del Valles op 11th"]
[Site "Llinars del Valles"]
[Date "2017.05.20"]
[Round "5"]
[White "Costa Trave, Jaume"]
[Black "Codina Broto, Sergi"]
[Result "0-1"]
[WhiteElo "1985"]
[BlackElo "1596"]
[PlyCount "80"]
[EventDate "2017.04.22"]
[EventType "swiss"]
[EventRounds "9"]
[EventCountry "CAT"]
[SourceTitle "EXT 2018"]
[Source "ChessBase"]
[SourceDate "2017.10.13"]
[SourceVersion "1"]
[SourceVersionDate "2017.10.13"]
[SourceQuality "1"]

1. d4 e6 2. Nc3 d5 3. Bf4 c6 4. Qd2 Bd6 5. Nh3 f5 6. 0-0-0 Nf6 7. f3 Bc7 8. e4 fxe4 9. fxe4 dxe4 10. Bc4 Nd5 11. Bg5 Qd7 12. Nxe4 0-0 13. g3 Qe8 14. Nhf2 b5 15. Bd3 b4 16. Ng4 Nd7 17. Rhf1 e5 18. Rxf8+ Qxf8 19. dxe5 Nxe5 20. Nxe5 Bxe5 21. Bc4 Be6 22. Be3 Nc7 23. Bc5 Qf5 24. Qd3 Bxc4 25. Qxc4+ Nd5 26. Rxd5 Bxb2+ 27. Kxb2 cxd5 28. Qxb4 Qxe4 29. Bd4 Qe8 30. Qa5 Qf7 31. a4 a6 32. Ka2 Qb7 33. Be5 Rc8 34. Qd2 Qc6 35. Kb2 Qb6+ 36. Ka2 Qe6 37. Bd4 Qc6 38. c3 Qxa4+ 39. Kb1 Rb8+ 40. Kc1 Qa1+ 0-1

[Event "Llinars del Valles op 11th"]
[Site "Llinars del Valles"]
[Date "2017.04.29"]
[Round "2"]
[White "Codina Broto, Sergi"]
[Black "Campos Cayuelas, Adria"]
[Result "0-1"]
[WhiteElo "1596"]
[BlackElo "2006"]
[PlyCount "74"]
[EventDate "2017.04.22"]
[EventType "swiss"]
[EventRounds "9"]
[EventCountry "CAT"]
[SourceTitle "EXT 2018"]
[Source "ChessBase"]
[SourceDate "2017.10.13"]
[SourceVersion "1"]
[SourceVersionDate "2017.10.13"]
[SourceQuality "1"]

1. e4 c5 2. Nc3 g6 3. f4 Bg7 4. Nf3 Nc6 5. d3 d6 6. g3 e6 7. Bg2 Nge7 8. 0-0 0-0 9. h3 Rb8 10. g4 f5 11. Ne2 fxe4 12. dxe4 d5 13. e5 b6 14. Qe1 h6 15. Qh4 Ba6 16. Re1 Nb4 17. f5 gxf5 18. Bxh6 Ng6 19. Qh5 Qe8 20. Bxg7 Kxg7 21. Rac1 d4 22. Qg5 fxg4 23. hxg4 Qd8 24. Qd2 Bxe2 25. Rxe2 Nf4 26. Rf2 Nbd5 27. Nh2 Ne3 28. Bf1 Qh4 29. Rf3 Rh8 30. Qf2 Rbf8 31. Rxf4 Qxf2+ 32. Kxf2 Rxf4+ 33. Kg3 Rxh2 34. Kxh2 Rxf1 35. Rxf1 Nxf1+ 36. Kh3 Ne3 37. b3 Nxc2 0-1

[Event "Llinars del Valles op-B 10th"]
[Site "Llinars del Valles"]
[Date "2016.04.16"]
[Round "3"]
[White "Nunez Ortiz, Damia"]
[Black "Codina Broto, Sergi"]
[Result "1-0"]
[WhiteElo "1686"]
[BlackElo "1389"]
[PlyCount "47"]
[EventDate "2016.04.02"]
[EventType "swiss"]
[EventRounds "9"]
[EventCountry "ESP"]
[SourceTitle "CBM 172 Extra"]
[Source "ChessBase"]
[SourceDate "2016.06.21"]
[SourceVersion "1"]
[SourceVersionDate "2016.06.21"]
[SourceQuality "1"]

1. d4 e6 2. f4 d5 3. Nf3 Bd6 4. e3 c6 5. Bd3 f5 6. 0-0 Nf6 7. Ne5 0-0 8. c4 Ne4 9. Rf3 Nd7 10. Bd2 Ndf6 11. Be1 Qe8 12. Rh3 Be7 13. Nd2 Nxd2 14. Bxd2 Ne4 15. Be1 Bf6 16. Bxe4 fxe4 17. Bb4 Be7 18. Bxe7 Qxe7 19. Qh5 g6 20. Nxg6 Qf7 21. Rg3 Qc7 22. Nxf8+ Kxf8 23. Qh6+ Ke8 24. Rg8+ 1-0

[Event "Llinars del Valles op-B 8th"]
[Site "Llinars del Valles"]
[Date "2015.04.18"]
[Round "2"]
[White "Casamayor Alentorn, Oscar"]
[Black "Codina Broto, Sergi"]
[Result "0-1"]
[WhiteElo "1745"]
[BlackElo "1821"]
[PlyCount "66"]
[EventDate "2015.04.11"]
[EventType "swiss"]
[EventRounds "9"]
[EventCountry "ESP"]
[SourceTitle "EXT 2016"]
[Source "ChessBase"]
[SourceDate "2015.10.08"]
[SourceVersion "1"]
[SourceVersionDate "2015.10.08"]
[SourceQuality "1"]

1. e4 e6 2. Nc3 d5 3. d3 Nf6 4. Bg5 dxe4 5. Nxe4 Be7 6. Nf3 Nxe4 7. dxe4 Bxg5 8. Qxd8+ Bxd8 9. Bc4 Nc6 10. 0-0 Bf6 11. Rad1 0-0 12. c3 e5 13. b4 Bg4 14. h3 Bxf3 15. gxf3 Rad8 16. Bd5 Bg5 17. b5 Na5 18. c4 c6 19. Bxc6 bxc6 20. Rb1 Nxc4 21. bxc6 Nd2 22. c7 Rc8 23. Rb8 Nxf1 24. Kxf1 Rxb8 25. cxb8Q Rxb8 26. a4 Rb1+ 27. Kg2 Ra1 28. h4 Bf4 29. h5 Rxa4 30. h6 a5 31. hxg7 Ra1 32. Kh3 Rh1+ 33. Kg4 a4 0-1

[Event "Llinars del Valles op-B 8th"]
[Site "Llinars del Valles"]
[Date "2014.05.10"]
[Round "3"]
[White "Codina Broto, Sergi"]
[Black "Giro Castellet, Esteve"]
[Result "0-1"]
[WhiteElo "1780"]
[BlackElo "1882"]
[PlyCount "74"]
[EventDate "2014.04.26"]
[EventType "swiss"]
[EventRounds "8"]
[EventCountry "ESP"]
[SourceTitle "EXT 2015"]
[Source "ChessBase"]
[SourceDate "2014.11.20"]
[SourceVersion "1"]
[SourceVersionDate "2014.11.20"]
[SourceQuality "1"]

1. e4 c5 2. Nc3 Nc6 3. g3 d6 4. Bg2 Nf6 5. h3 g6 6. d3 Bg7 7. Be3 Bd7 8. Qd2 h6 9. f4 Qc7 10. Nf3 e6 11. 0-0 Nh5 12. Kh2 f5 13. exf5 gxf5 14. Nb5 Qb8 15. d4 a6 16. Nc3 cxd4 17. Nxd4 Qc7 18. Rae1 0-0 19. Bf2 Rae8 20. Rd1 d5 21. Rfe1 Rf6 22. Bf3 Nxf4 23. Qxf4 e5 24. Nxd5 Qd6 25. Nxf6+ Qxf6 26. Bd5+ Kh7 27. Qd2 exd4 28. Bxc6 Bxc6 29. Rxe8 Bxe8 30. Qxd4 Qc6 31. Qd6 Qxc2 32. Rd2 Qe4 33. Bd4 Bc6 34. g4 fxg4 35. Bxg7 Qh1+ 36. Kg3 Qf3+ 37. Kh4 Qxh3# 0-1

[Event "Llinars del Valles op-B 7th"]
[Site "Llinars del Valles"]
[Date "2013.04.13"]
[Round "1"]
[White "Codina Broto, Sergi"]
[Black "Mateo Hernandez, Francesco"]
[Result "0-1"]
[WhiteElo "1245"]
[BlackElo "1645"]
[PlyCount "26"]
[EventDate "2013.04.13"]
[EventType "swiss"]
[EventRounds "7"]
[EventCountry "ESP"]
[SourceTitle "CBM 154 Extra"]
[Source "ChessBase"]
[SourceDate "2013.06.25"]
[SourceVersion "2"]
[SourceVersionDate "2013.06.25"]
[SourceQuality "1"]

1. e4 e5 2. Nf3 Nc6 3. d4 exd4 4. Nxd4 Bc5 5. Be3 Qf6 6. c3 Nh6 7. Bc4 0-0 8. 0-0 Ne5 9. Be2 d6 10. f3 Qg6 11. Kh1 f5 12. exf5 Nxf5 13. f4 Nxe3 0-1

[Event "Catalunya Valles West-ch U12"]
[Site "Catalunya"]
[Date "2013.02.16"]
[Round "4.2"]
[White "Lopez Ruiz, Mario"]
[Black "Codina Broto, Sergi"]
[Result "0-1"]
[WhiteElo "1726"]
[BlackElo "1771"]
[PlyCount "108"]
[EventDate "2013.01.26"]
[EventType "swiss"]
[EventRounds "6"]
[EventCountry "ESP"]
[SourceTitle "EXT 2024"]
[Source "ChessBase"]
[SourceDate "2023.10.10"]
[SourceVersion "1"]
[SourceVersionDate "2023.10.10"]
[SourceQuality "1"]

1. d4 e6 2. Nc3 d5 3. e4 Bb4 4. Nge2 dxe4 5. a3 Bxc3+ 6. Nxc3 f5 7. g4 Nf6 8. g5 Nd5 9. Nxd5 exd5 10. Qh5+ g6 11. Qh6 Nc6 12. Bb5 Bd7 13. Bxc6 Bxc6 14. Qg7 Rf8 15. Qxh7 Qd6 16. Bd2 0-0-0 17. 0-0-0 Rh8 18. Qf7 Rdf8 19. Qg7 Kd8 20. Qe5 Qxe5 21. dxe5 d4 22. Bf4 Rh4 23. Bg3 Rg4 24. Rxd4+ Kc8 25. h4 e3 26. Rxg4 fxg4 27. Rf1 Bb5 28. Re1 exf2 29. Bxf2 Rxf2 30. e6 Rf1 31. Kd1 Kd8 32. h5 Rxe1+ 33. Kxe1 gxh5 34. g6 Bc4 35. Kf2 Ke7 36. g7 Bxe6 37. Kg3 Kf7 38. g8Q+ Kxg8 39. b3 Kf7 40. c4 Bd7 41. b4 a6 42. Kh4 Ke6 43. Kg3 Ke5 44. Kh4 Kd4 45. c5 Ke3 46. Kg3 h4+ 47. Kxh4 Kf3 48. a4 g3 49. c6 bxc6 50. b5 g2 51. bxa6 g1Q 52. Kh5 Kf4 53. Kh6 Kf5 54. Kh7 Kf6 0-1

[Event "Catalunya Valles West-ch U12"]
[Site "Catalunya"]
[Date "2013.01.26"]
[Round "1.1"]
[White "Codina Broto, Sergi"]
[Black "Canamero Moreno, Jose"]
[Result "1-0"]
[WhiteElo "1771"]
[BlackElo "1700"]
[PlyCount "53"]
[EventDate "2013.01.26"]
[EventType "swiss"]
[EventRounds "6"]
[EventCountry "ESP"]
[SourceTitle "EXT 2024"]
[Source "ChessBase"]
[SourceDate "2023.10.10"]
[SourceVersion "1"]
[SourceVersionDate "2023.10.10"]
[SourceQuality "1"]

1. e4 g6 2. Nf3 Bg7 3. d4 d6 4. Bc4 Nf6 5. Nc3 0-0 6. 0-0 Nbd7 7. Qe2 a6 8. Be3 b5 9. Bb3 Bb7 10. Bf4 Re8 11. e5 dxe5 12. Nxe5 e6 13. Nxd7 Qxd7 14. Rad1 b4 15. Na4 Qe7 16. Qd2 Ne4 17. Qe3 Qh4 18. f3 a5 19. fxe4 Rad8 20. Bg5 Bxd4 21. Rxd4 Rxd4 22. Bxh4 Rxe4 23. Qh6 Rg4 24. Rf2 e5 25. Bf6 Rxg2+ 26. Rxg2 Bxg2 27. Qg7# 1-0